000
00268nam a22001097a 4500
008
170106b xxu||||| |||| 00| 0 eng d
020
_a
9780397552078
041
_a
eng
080
_2
2ND
_a
618.2
245
_a
MATERNAL CHILD HEALTH NURSING
_c
PILLITTERI, A
942
_2
udc
_c
BK
999
_c
2598
_d
2598